00657nam a2200181 a 4500003000200000005001700002008004100019050003000060100003400090245008500124260009300209300004000302504004100342650001700383650002800400650002800428650001900456020250225082935.0111114s19uu xx 00 eng d aPGS TP 321.7b.L496 2011  aLegacion, Tracy Keith Palmer. aThe determination of fat content in french fries /cTracy Keith Palmer Legacion. aLas Piñas City, Philippines : bSouthville International School and Colleges, c2011. a13 pages :billustrations ;c28 cm. aIncludes bibliographical references. aFat content. aFats, ediblevAnalysis. aFrench friesvAnalysis. aFood analysis.